Knowledge management for librarians / (Record no. 35216)
[ view plain ]
| 000 -LEADER | |
|---|---|
| fixed length control field | 02396nam a22003254a 4500 |
| 005 - DATE AND TIME OF LATEST TRANSACTION | |
| control field | 20100728162749.0 |
| 010 ## - LCCN (DPL NO) | |
| LC control number | B-406931-939 |
| 020 ## - INTERNATIONAL STANDARD BOOK NUMBER | |
| International Standard Book Number | 9788170005759 |
| Terms of availability | 1675.00 |
| 035 ## - SYSTEM CONTROL NUMBER | |
| System control number | B-406931-939 |
| 037 ## - SOURCE OF ACQUISITION | |
| Source of stock number/acquisition | PUB |
| 082 ## - DEWEY DECIMAL CLASSIFICATION NUMBER | |
| Classification number | 025.001 |
| 100 ## - MAIN ENTRY--PERSONAL NAME | |
| Personal name | Dhiman, Anil Kumar |
| 245 ## - TITLE STATEMENT | |
| Title | Knowledge management for librarians / |
| Statement of responsibility, etc | by Anil Kumar Dhiman [and] Hemant Sharma |
| 260 ## - PUBLICATION, DISTRIBUTION, ETC. (IMPRINT) | |
| Place of publication, distribution, etc | New Delhi |
| Name of publisher, distributor, etc | Ess Ess Publications |
| Date of publication, distribution, etc | 2009 |
| 270 ## - ADDRESS | |
| Address | 4837/24, Ansari Road, Daryaganj |
| City | New Delhi |
| Postal code | 110002 |
| 300 ## - PHYSICAL DESCRIPTION | |
| Extent | viii, 633p. |
| Dimensions | 25 cm(Hb) |
| 500 ## - GENERAL NOTE | |
| General note | Includes index |
| 700 ## - ADDED ENTRY--PERSONAL NAME | |
| Personal name | Sharma, Hemant |
| 9 (RLIN) | 2236 |
| 942 ## - ADDED ENTRY ELEMENTS (KOHA) | |
| Source of classification or shelving scheme | Dewey Decimal Classification |
| Item type | Reference Books |
| Call number suffix | DHI |
| Classification part | 025.001 |
| Withdrawn status | Lost status | Not for loan | Collection code | Home library | Current library | Date acquired | Source of acquisition | Cost, normal purchase price | Full call number | Barcode | Copy number | Cost, replacement price | Koha item type |
|---|---|---|---|---|---|---|---|---|---|---|---|---|---|
| Non-fiction | Central Library | Central Library | 28/07/2010 | Ess Ess Pub./20789/26.5.10/10/20.5.10/7.6.10 | 1675.00 | 025.001 DHI | B-406931 | 1 | 1675.00 | English Books | |||
| Reference | Central Library | Central Library | 28/07/2010 | Ess Ess Pub./20789/26.5.10/10/20.5.10/7.6.10 | 1675.00 | 025.001 DHI | B-406932 | 1 | 1675.00 | English Books | |||
| Not For Loan | Reference | Janak Puri | Janak Puri | 28/07/2010 | Ess Ess Pub./20789/26.5.10/10/20.5.10/7.6.10 | 1675.00 | 025.001 DHI | B-406934 | 1 | 1675.00 | English Books | ||
| Not For Loan | Reference | Karol Bagh | Karol Bagh | 28/07/2010 | Ess Ess Pub./20789/26.5.10/10/20.5.10/7.6.10 | 1675.00 | 025.001 DHI | B-406937 | 1 | 1675.00 | English Books | ||
| Not For Loan | Reference | Narela | Narela | 28/07/2010 | Ess Ess Pub./20789/26.5.10/10/20.5.10/7.6.10 | 1675.00 | 025.001 DHI | B-406938 | 1 | 1675.00 | English Books | ||
| Not For Loan | Reference | Patel Nagar | Patel Nagar | 28/07/2010 | Ess Ess Pub./20789/26.5.10/10/20.5.10/7.6.10 | 1675.00 | 025.001 DHI | B-406933 | 1 | 1675.00 | English Books | ||
| Not For Loan | Reference | Sarojini Nagar | Sarojini Nagar | 28/07/2010 | Ess Ess Pub./20789/26.5.10/10/20.5.10/7.6.10 | 1675.00 | 025.001 DHI | B-406935 | 1 | 1675.00 | English Books | ||
| Not For Loan | Reference | Shahdara Branch | Shahdara Branch | 28/07/2010 | Ess Ess Pub./20789/26.5.10/10/20.5.10/7.6.10 | 1675.00 | 025.001 DHI | B-406939 | 1 | 1675.00 | English Books | ||
| Not For Loan | Reference | Vinoba Puri | Vinoba Puri | 28/07/2010 | Ess Ess Pub./20789/26.5.10/10/20.5.10/7.6.10 | 1675.00 | 025.001 DHI | B-406936 | 1 | 1675.00 | English Books |
